[Event "IECC O email"]
[Site "IECC email"]
[Date "1999.01.13"]
[Round "?"]
[White "Snyman, Johann"]
[Black "Bland, Herbert"]
[Result "1-0"]
[WhiteElo "1043"]
[BlackElo "1016"]
[PlyCount "61"]
[EventDate "1999.??.??"]
[EventType "tourn (corr)"]
[EventRounds "6"]
[SourceTitle "Corr 2008"]
[Source "ChessBase"]
[SourceDate "2008.06.24"]
[SourceVersion "1"]
[SourceVersionDate "2008.06.24"]
[SourceQuality "1"]

1. e4 e5 2. Nf3 d6 3. d4 Nc6 4. Bb5 Bd7 5. d5 Nce7 6. Bxd7+ Qxd7 7. 0-0 h6 8. Nc3 Nf6 9. Be3 c6 10. Qd3 a6 11. Nd2 b5 12. a4 Qb7 13. dxc6 Nxc6 14. axb5 axb5 15. Nxb5 Ra5 16. Rxa5 Nxa5 17. Ra1 Nc6 18. Ra8+ Nd8 19. Qxd6 Bxd6 20. Nxd6+ Kd7 21. Nxb7 Re8 22. Nc5+ Kc7 23. Ra7+ Kc6 24. b4 g5 25. Ra6+ Kb5 26. Rxf6 Nc6 27. c4+ Kxb4 28. Rxc6 Ra8 29. Nd7 Ra1+ 30. Nf1 Rc1 31. Bxc1 1-0